000 00656nam a2200217Ii 4500
003 JO-AjNU
008 230605s9999||||xx |||||||||||||| ||und||
017 _a2000/8/2437
040 _aJO-AjNU
_bara
_erda
_cJO-AjNU
041 _aara
050 1 4 _aPJ7585.A8286 2000
100 3 _aالأسعد،عمر,
_eauthor
_949272
245 0 0 _aأدب الأطفال: دراسات تطبيقية
250 _aط1
264 3 1 _aعمان:مطبعة أروى،2000
300 _a272ص
336 _atext
_btxt
_2rdacontent
337 _aunmediated
_bn
_2rdamedia
338 _avolume
_bnc
_2rdacarrier
650 4 _aأدب الأطفال - قصص قصيرة
_949273
999 _aA21631
_c25199
_d25199